000 00834nam a2200253 i 4500
003 DO-SdBNP
005 20250205092106.0
007 ta
008 230712b2021 dr a|||| |||| 00| 0 spa d
020 _a9789945221534
040 _aDO-SdBNP
_bspa
_cBNPHU
_erda
082 4 _222
100 1 _aRuiz de Catrain, María Teresa
_eautora
_922649
245 1 4 _alos ojos de tikitín /
_cMaría Teresa Ruiz de Catrain ; ilustraciones, Messina Vásquez
264 1 _aSanto Domingo :
_bFundación Farach
_bGrupo Mallén,
_c2021.
300 _a36 páginas :
_bilustraciones ;
_c24 cm.
336 _2rdacontent
_atexto
_btxt
337 _2rdamedia
_asin mediación
_bn
338 _2rdacarrier
_avolumen
_bnc
590 _aInventariado, 2023/BT
700 1 _aMessina Vásquez, Laura,
_eilustraciones
_983759
910 _aBtavárez
942 _2ddc
_cLF2
999 _c54158
_d54158